Statistics for Dünya’nın Resmi Dilleri

Click here to take the quiz!

General Stats

  • This quiz has been taken 1 216 times
  • The average score is 42 of 117

Answer Stats

ÜlkelerDil% Correct
Mısır, Irak, Suudi Arabistan ve diğer 19 ülkeArapça
97%
Kanada, Güney Afrika ve diğer 56 ülkeİngilizce
97%
Türkiye, KıbrısTürkçe
97%
Fransa, Kanada ve diğer 27 ülkeFransızca
93%
Almanya, Avusturya, İsviçre ve diğer 3 ülkeAlmanca
92%
Rusya, Belarus, Kazakistan, KırgızistanRusça
92%
İspanya, Kolombiya ve diğer 18 ülkeİspanyolca
91%
Çin, Tayvan, SingapurÇince (Mandarin)
87%
Portekiz, Brezilya ve diğer 7 ülkePortekizce
85%
İtalya, San Marino, İsviçre, Vatikanİtalyanca
83%
Kıbrıs, YunanistanYunanca
83%
JaponyaJaponca
82%
Güney Kore, Kuzey KoreKorece
82%
AzerbaycanAzerice
78%
TacikistanFarsça (Tacikçe)
71%
HindistanHindustani
(Hintçe)
70%
AfganistanFarsça (Darice)
68%
İsveç, Finlandiyaİsveççe
68%
KazakistanKazakça
68%
NorveçNorveççe
68%
KaradağSırp-Hırvatça
(Karadağca)
68%
Arnavutluk, Kosova, Kuzey MakedonyaArnavutça
67%
BulgaristanBulgarca
67%
ErmenistanErmenice
67%
İranFarsça
67%
Sırbistan, Bosna-Hersek, KosovaSırp-Hırvatça
(Sırpça)
66%
ÖzbekistanÖzbekçe
65%
MacaristanMacarca
64%
AfganistanPeştunca
64%
Çek CumhuriyetiÇekçe
61%
KırgızistanKırgızca
61%
Bosna-Hersek, HırvatistanSırp-Hırvatça
(Hırvatça)
60%
UkraynaUkraynaca
59%
FinlandiyaFince
58%
GürcistanGürcüce
56%
MoğolistanMoğolca
56%
TürkmenistanTürkmence
53%
Belçika, Hollanda, SurinamFelemenkçe
52%
MauritiusMorisyen
52%
EndonezyaMalayca
(Endonezyaca)
50%
MoldovaRumence
(Moldovaca)
50%
Bosna-HersekSırp-Hırvatça
(Boşnakça)
50%
DanimarkaDanca
48%
SlovakyaSlovakça
48%
TaylandTayca
48%
İzlandaİzlandaca
44%
RomanyaRumence
44%
İsrailİbranice
43%
SlovenyaSlovence
43%
İrlandaİrlandaca
39%
PolonyaLehçe
38%
EstonyaEstonca
37%
LetonyaLetonca
37%
NepalNepalce
36%
IrakKürtçe
35%
VietnamVietnamca
35%
BelarusBelarusça
34%
Malezya, Singapur, BruneiMalayca
32%
LaosLaoca
31%
Güney AfrikaAfrikaanca
30%
SomaliSomalice
30%
LitvanyaLitvanca
28%
MaltaMaltaca
28%
FilipinlerFilipince
27%
FijiFijice
26%
Kuzey MakedonyaMakedonca
26%
HaitiHaiti Kreyolu
25%
PakistanHindustani
(Urdu)
25%
MaldivlerMaldivce
21%
TongaTongaca
20%
LüksemburgLüksemburgca
19%
RuandaRuandaca
19%
SamoaSamoaca
18%
BangladeşBengalce
17%
KomorlarKomorca
17%
NauruNauruca
17%
MyanmarBirmanca
16%
PalauPalauca
16%
SeyşellerSeyşeller Kreyolu
15%
TuvaluTuvalyanca
15%
Fas, CezayirBerberice
13%
Kenya, Ruanda, Tanzanya, UgandaSvahili
12%
KiribatiKiribatice
11%
Marshall AdalarıMarshallca
11%
BurundiRundice
10%
AndorraKatalanca
9%
Güney Afrika, BotsvanaTsvana
8%
EtiyopyaAmharca
5%
Yeni ZelandaMāori
5%
İsviçreRomanşça
5%
Güney AfrikaZulu
5%
KamboçyaKmerce
4%
NorveçSámi
4%
Sri Lanka, SingapurTamil
4%
ZimbabveŞona
3%
Güney Afrika, LesothoSotho
3%
BolivyaAymara
2%
BhutanDzongka
2%
FijiHindustani
(Fiji Hiintçesi)
2%
Bolivya, PeruKeçuva
2%
MadagaskarMalagaşça
2%
Güney AfrikaXhosa dili
2%
VanuatuBislama
1%
MalaviÇevaca
1%
ParaguayGuaraní
1%
Güney AfrikaGüney Ndebele dili
1%
Papua Yeni GineHiri Motu
1%
ZimbabveKuzey Ndebele
1%
South AfricaKuzey Sothoca
1%
Orta Afrika Cum.Sango
1%
Sri LankaSinhala
1%
Güney Afrika, EsvatiniSwati dili
1%
Doğu TimorTetum
1%
EritreTigrinya dili
1%
Papua Yeni GineTok Pisin
1%
Güney AfrikaTsongaca
1%
Güney AfrikaVenda
1%

Score Distribution

Percentile by Number Answered

Percent of People with Each Score

Your Score History

You have not taken this quiz